000 00271nam a22001217a 4500
041 _aENG
100 _aFoster Coburn
245 _aCorel Draw-7 The Official Guide
260 _aDelhi
_bTata McGraw Hill
_c2000
300 _a1997
650 _aComputer
856 _uComputer
999 _c610
_d610